[Event "52nd Rubinstein Mem"]
[Site "Polanica Zdroj POL"]
[Date "2016.08.21"]
[Round "2.21"]
[White "Lukasiewicz, Krzysztof"]
[Black "Maminski, Hubert"]
[Result "1-0"]
[WhiteElo "2120"]
[BlackElo "1835"]
[WhiteFideId "1166042"]
[BlackFideId "1195425"]
[EventDate "2016.08.20"]

1. e4 c6 2. d4 d5 3. Nc3 dxe4 4. Nxe4 Nd7 5. Nf3 Ngf6 6. Nxf6+ Nxf6 7. Be2 Bf5
8. O-O Qc7 9. Ne5 e6 10. Bf4 Bd6 11. Re1 O-O 12. Bf3 Rfd8 13. c3 Rac8 14. Qe2
Nd5 15. Bg3 c5 16. dxc5 Qxc5 17. Rad1 Bb8 18. Rd4 Bxe5 19. Bxe5 f6 20. Bg3 e5
21. Bxe5 Bg6 22. Red1 fxe5 23. Bxd5+ Kh8 24. Qxe5 Re8 25. Qg3 Rcd8 26. h3 b6 27.
Bf3 Rxd4 28. Rxd4 Qa5 29. Bd5 Qb5 30. Qxg6 1-0

[Event "52nd Rubinstein Mem"]
[Site "Polanica Zdroj POL"]
[Date "2016.08.21"]
[Round "2.22"]
[White "Cukrowski, Filip"]
[Black "Dwilewicz, Katarzyna"]
[Result "1-0"]
[WhiteTitle "FM"]
[WhiteElo "2381"]
[BlackElo "1730"]
[WhiteFideId "1171097"]
[BlackFideId "1148486"]
[EventDate "2016.08.20"]

1. e4 c5 2. Nf3 e6 3. d4 cxd4 4. Nxd4 Nc6 5. Nc3 Qc7 6. Be3 a6 7. Qd2 Nf6 8. f3
Bb4 9. a3 Ba5 10. Nb3 Bb6 11. Bxb6 Qxb6 12. g4 Ne5 13. Be2 h6 14. O-O-O Qc7 15.
h4 b5 16. Qd4 Rb8 17. f4 Nc6 18. Qd2 b4 19. axb4 Nxb4 20. g5 Ng8 21. f5 Ne7 22.
Rhf1 Na2+ 23. Nxa2 Rxb3 24. fxe6 dxe6 25. Qd4 Rg3 26. Qxg7 Ng6 27. h5 1-0

[Event "52nd Rubinstein Mem"]
[Site "Polanica Zdroj POL"]
[Date "2016.08.21"]
[Round "2.23"]
[White "Siekanski, Janusz"]
[Black "Domanski, Lukasz"]
[Result "1-0"]
[WhiteElo "2290"]
[BlackElo "2015"]
[WhiteFideId "1100599"]
[BlackFideId "1183575"]
[EventDate "2016.08.20"]

1. d4 d6 2. c4 e5 3. e3 Nd7 4. Nc3 Ngf6 5. Nf3 c6 6. Be2 Be7 7. O-O O-O 8. Qc2
Re8 9. b3 Bf8 10. Bb2 e4 11. Nd2 d5 12. cxd5 cxd5 13. f3 exf3 14. Rxf3 Bd6 15.
h3 Nf8 16. e4 dxe4 17. Ncxe4 Nxe4 18. Nxe4 Be6 19. Bc4 Rc8 20. Qd3 Bxc4 21. bxc4
Bb8 22. d5 Ng6 23. d6 Ne5 24. Bxe5 Rxe5 25. Raf1 f6 26. Rxf6 gxf6 27. Nxf6+ Kf8
28. Qxh7 Bxd6 29. Nd5+ Ke8 30. Qf7# 1-0

[Event "52nd Rubinstein Mem"]
[Site "Polanica Zdroj POL"]
[Date "2016.08.21"]
[Round "2.24"]
[White "Faron, Rafal"]
[Black "Kulas, Szymon"]
[Result "1-0"]
[WhiteElo "2008"]
[BlackElo "2210"]
[WhiteFideId "1149768"]
[BlackFideId "1178989"]
[EventDate "2016.08.20"]

1. d4 Nf6 2. c4 g6 3. f3 Bg7 4. e4 d6 5. Nc3 O-O 6. Be3 a6 7. Qd2 Nc6 8. Nge2
Rb8 9. Rb1 b5 10. cxb5 axb5 11. b4 e5 12. d5 Ne7 13. Nc1 Bd7 14. Nb3 Nh5 15. Bd3
f5 16. O-O f4 17. Ba7 Rb7 18. Bf2 g5 19. Na5 Rb8 20. a4 bxa4 21. b5 g4 22. Bh4
Bf6 23. Bxf6 Rxf6 24. Nc6 Nxc6 25. dxc6 Be6 26. fxg4 Ng7 27. Nd5 Rg6 28. b6 Bxd5
29. exd5 Rxg4 30. bxc7 Qxc7 31. Rxb8+ Qxb8 32. Rb1 Qd8 33. Qb4 Ne8 34. Qxa4 Rg7
35. Be4 Rc7 36. Qd1 Nf6 37. Bf5 Qa8 38. Kh1 Qa7 39. Be6+ Kf8 40. Qe1 Ke7 41. h3
Qa2 42. Ra1 Qb3 43. Qa5 Qb8 44. Qa2 Ne4 45. Qc2 Ng3+ 46. Kh2 Kf6 47. Rb1 Qa7 48.
Bd7 Kg7 49. Qb2 Qa8 50. Qb4 Qf8 51. Qa5 f3 52. Qxc7 Qf4 53. Bf5+ Kf6 54. Qd8+
Kxf5 55. Qf8+ 1-0

[Event "52nd Rubinstein Mem"]
[Site "Polanica Zdroj POL"]
[Date "2016.08.21"]
[Round "2.25"]
[White "Korpalski, Maciej"]
[Black "Rozycki, Bartlomiej"]
[Result "1/2-1/2"]
[WhiteElo "1915"]
[BlackElo "2118"]
[WhiteFideId "1126199"]
[BlackFideId "1106996"]
[EventDate "2016.08.20"]

1. e4 e6 2. d4 d5 3. Nc3 Bb4 4. exd5 exd5 5. a3 Bxc3+ 6. bxc3 Be6 7. Rb1 b6 8.
Nf3 Ne7 9. Bd3 Nbc6 10. O-O Qd6 11. Re1 O-O 12. Ng5 Bf5 13. Bxf5 Nxf5 14. Qd3
Rfe8 15. Bd2 Qg6 16. Nf3 Nd6 17. Bf4 Nc4 18. Bxc7 Nxa3 19. Rb3 Rxe1+ 20. Nxe1
Re8 21. Nf3 Nxc2 22. Qxg6 hxg6 23. Kf1 Rc8 24. Bf4 Na5 25. Rb5 Rd8 26. Bc1 Nc4
27. Ke2 N2a3 28. Rb3 a5 29. Bxa3 a4 30. Rb4 Nxa3 31. Rxa4 Nc4 32. Ra6 f6 33. Kd3
Re8 34. Ra7 Nb2+ 35. Kd2 Nc4+ 36. Kd3 Nb2+ 37. Kd2 Nc4+ 1/2-1/2

[Event "52nd Rubinstein Mem"]
[Site "Polanica Zdroj POL"]
[Date "2016.08.22"]
[Round "3.1"]
[White "Farkas, Gabor1"]
[Black "Cyborowski, Lukasz"]
[Result "1/2-1/2"]
[WhiteTitle "FM"]
[BlackTitle "GM"]
[WhiteElo "2368"]
[BlackElo "2526"]
[WhiteFideId "14908034"]
[BlackFideId "1108760"]
[EventDate "2016.08.20"]

1. d4 d5 2. Nf3 Nf6 3. Bf4 Bf5 4. c3 e6 5. Qb3 Qc8 6. e3 Bd6 7. Bxd6 cxd6 8.
Nbd2 Nc6 9. Be2 h6 10. c4 Bh7 11. O-O O-O 12. Rfc1 dxc4 13. Nxc4 Qd7 14. Qa3
Rfd8 15. b4 Nd5 16. b5 Ncb4 17. Qb3 a6 18. bxa6 bxa6 19. a3 Nc6 20. Nfd2 Rab8
21. Qd1 Rdc8 22. Bf3 Nde7 23. Qa4 Rc7 24. Be4 d5 25. Bxh7+ Kxh7 26. Qc2+ Kg8 27.
Ne5 Qd8 28. Nd3 Rcb7 29. Qa4 Rb5 30. Rc5 Rxc5 31. Nxc5 a5 1/2-1/2

[Event "52nd Rubinstein Mem"]
[Site "Polanica Zdroj POL"]
[Date "2016.08.22"]
[Round "3.2"]
[White "Pavlov, Sergey2"]
[Black "Gumularz, Szymon"]
[Result "1/2-1/2"]
[WhiteTitle "IM"]
[WhiteElo "2473"]
[BlackElo "2260"]
[WhiteFideId "14114330"]
[BlackFideId "1188062"]
[EventDate "2016.08.20"]

1. c4 e6 2. Nc3 d5 3. d4 c6 4. e3 Nf6 5. b3 Nbd7 6. Bb2 Bd6 7. Nf3 O-O 8. Bd3 e5
9. cxd5 cxd5 10. dxe5 Nxe5 11. Be2 Nxf3+ 12. Bxf3 Be5 13. O-O Qa5 14. a3 Be6 15.
b4 Qa6 16. Be2 Qb6 17. Rc1 a5 18. Nxd5 Nxd5 19. Bxe5 axb4 20. Bd4 Qd8 21. axb4
Nxb4 22. Rb1 Nc6 23. Bc5 Qxd1 24. Rfxd1 Rfd8 25. Rxd8+ Nxd8 26. Bf3 Bd7 27. h3
Bc6 28. Be7 Ne6 29. Rb6 Rc8 30. Bg4 Rc7 31. Ba3 Rd7 32. Rb1 g6 33. Bb4 h5 34.
Be2 Rd8 35. Ra1 Kh7 36. g4 hxg4 37. hxg4 Ng5 38. Kh2 Kg7 39. Bc3+ f6 40. f3 Bxf3
41. Bxf3 Nxf3+ 42. Kg2 Ng5 43. Rb1 Rd7 44. Rb6 Ne4 45. Bd4 Kf7 46. Kf1 Re7 47.
Ke2 Rc7 48. Kf3 Ng5+ 49. Kf4 Ne6+ 50. Ke4 Rd7 51. Kd3 f5 52. gxf5 gxf5 53. Ke2
Nxd4+ 54. exd4 Rxd4 55. Rxb7+ Kf6 56. Kf3 Ra4 57. Rb8 Ra3+ 58. Kf4 Ra4+ 59. Kf3
Ra3+ 1/2-1/2

[Event "52nd Rubinstein Mem"]
[Site "Polanica Zdroj POL"]
[Date "2016.08.22"]
[Round "3.3"]
[White "Malaniuk, Vladimir P"]
[Black "Chomczyk, Marek"]
[Result "1-0"]
[WhiteTitle "GM"]
[WhiteElo "2471"]
[BlackElo "2131"]
[WhiteFideId "14100177"]
[BlackFideId "1125826"]
[EventDate "2016.08.20"]

1. d4 Nf6 2. Nf3 e6 3. c4 d5 4. Nc3 Bb4 5. Bg5 h6 6. Bxf6 Qxf6 7. Qa4+ Nc6 8. e3
O-O 9. Be2 Rd8 10. O-O Bf8 11. Rac1 a6 12. a3 Ne7 13. Qc2 Ng6 14. Rfd1 b6 15. b4
dxc4 16. Ne4 Qe7 17. Bxc4 Bb7 18. Bd3 Rdc8 19. Ned2 Nh4 20. Nxh4 Qxh4 21. Bh7+
Kh8 22. Be4 Bxe4 23. Nxe4 a5 24. Rb1 Qh5 25. Rdc1 c6 26. h3 Kg8 27. Qb3 Qd5 28.
Nc3 Qxb3 29. Rxb3 axb4 30. axb4 c5 31. dxc5 bxc5 32. b5 c4 33. Rbb1 Bc5 34. Ne4
Be7 35. Rc3 Rab8 36. Nd2 Rc5 37. b6 Bd8 38. Rxc4 Rd5 39. b7 Rxd2 40. Rc8 Rxb7
41. Rxb7 Kf8 42. Ra8 Ke8 43. Raa7 Rd1+ 44. Kh2 1-0

[Event "52nd Rubinstein Mem"]
[Site "Polanica Zdroj POL"]
[Date "2016.08.22"]
[Round "3.4"]
[White "Nowak, Kamil"]
[Black "Socko, Monika"]
[Result "1/2-1/2"]
[BlackTitle "GM"]
[WhiteElo "2240"]
[BlackElo "2454"]
[WhiteFideId "1168681"]
[BlackFideId "1106619"]
[EventDate "2016.08.20"]

1. Nf3 Nf6 2. c4 g6 3. Nc3 Bg7 4. e4 d6 5. d4 O-O 6. Be2 Bg4 7. Be3 Nc6 8. O-O
Nd7 9. d5 Bxf3 10. Bxf3 Na5 11. Be2 Bxc3 12. bxc3 e5 13. dxe6 fxe6 14. f4 Qe7
15. Bd3 Nb6 16. Qe2 Rae8 17. Rad1 d5 18. Bxb6 axb6 19. cxd5 exd5 20. e5 Qc5+ 21.
Kh1 Qxc3 22. Qg4 Qc6 23. Rde1 Nc4 24. e6 Rf6 25. f5 Nd2 26. Qg5 Qc3 27. Rc1 h6
28. Rxc3 hxg5 29. Rd1 Ne4 30. Bxe4 dxe4 31. Rxc7 e3 32. Kg1 Rxf5 33. e7 Re5 34.
Rxb7 Re6 35. Rb1 R8xe7 36. Rxe7 Rxe7 37. Kf1 Rf7+ 38. Ke2 Rf2+ 39. Kxe3 Rxg2 40.
Rxb6 Kg7 41. Ra6 Rxh2 42. Kf3 Kh6 43. Ra8 Rc2 44. a4 Rc3+ 45. Kg4 Rc4+ 46. Kg3
g4 47. Kh4 g3+ 48. Kxg3 Kh5 49. a5 Rc3+ 50. Kg2 Kg4 51. Rb8 Rc2+ 52. Kg1 Ra2 53.
Rb4+ Kh5 54. Rb5+ g5 55. Rc5 Kh4 56. Rc4+ g4 57. Rc3 Rxa5 58. Kg2 Ra2+ 59. Kg1
Re2 60. Ra3 Rb2 61. Rc3 1/2-1/2

[Event "52nd Rubinstein Mem"]
[Site "Polanica Zdroj POL"]
[Date "2016.08.22"]
[Round "3.5"]
[White "Pacan-Milej, Kosma"]
[Black "Kucza, Karol"]
[Result "1-0"]
[BlackTitle "FM"]
[WhiteElo "2127"]
[BlackElo "2307"]
[WhiteFideId "21800537"]
[BlackFideId "1159755"]
[EventDate "2016.08.20"]

1. d4 d5 2. c4 c6 3. Nf3 Nf6 4. Nc3 e6 5. Bg5 h6 6. Bh4 dxc4 7. e4 g5 8. Bg3 b5
9. Be2 Bb7 10. h4 g4 11. Ne5 Nbd7 12. Nxd7 Qxd7 13. Be5 Qe7 14. b3 Rg8 15. O-O
Nd7 16. Bg3 Qb4 17. Qd2 cxb3 18. axb3 Bg7 19. Rfd1 a5 20. e5 Bf8 21. Qc2 Rc8 22.
Rac1 Be7 23. Qh7 Rf8 24. Qxh6 Qxb3 25. h5 b4 26. Ne4 c5 27. Nxc5 Nxc5 28. dxc5
Qa4 29. Qg7 Qc6 30. Bf1 Qe4 31. h6 Qg6 32. c6 Bxc6 33. Bb5 Qe4 34. Rxc6 Rxc6 35.
Rc1 Kd8 36. Bxc6 Qg6 37. Bh4 Rg8 38. Qxg6 Rxg6 39. Bxe7+ Kxe7 40. h7 Rh6 41. Be4 1-0

[Event "52nd Rubinstein Mem"]
[Site "Polanica Zdroj POL"]
[Date "2016.08.22"]
[Round "3.6"]
[White "Shishkin, Vadim UKR"]
[Black "Dubinski, Mateusz"]
[Result "1-0"]
[WhiteTitle "GM"]
[BlackTitle "CM"]
[WhiteElo "2469"]
[BlackElo "2202"]
[WhiteFideId "14101696"]
[BlackFideId "1125923"]
[EventDate "2016.08.20"]

1. d4 d5 2. c4 c6 3. Nf3 Nf6 4. e3 e6 5. Nbd2 Nbd7 6. b3 Bd6 7. Bb2 O-O 8. Bd3
Qe7 9. Ne5 Ba3 10. Bxa3 Qxa3 11. f4 c5 12. O-O cxd4 13. exd4 dxc4 14. Ndxc4 Qe7
15. Qf3 Nb6 16. g4 Rd8 17. g5 Nfd7 18. Bxh7+ Kxh7 19. Qh5+ Kg8 20. g6 Qf6 21.
gxf7+ Kf8 22. Ng6+ 1-0

[Event "52nd Rubinstein Mem"]
[Site "Polanica Zdroj POL"]
[Date "2016.08.22"]
[Round "3.7"]
[White "Szelag, Marcin"]
[Black "Chmiel, Marcin"]
[Result "1/2-1/2"]
[WhiteTitle "IM"]
[WhiteElo "2443"]
[BlackElo "2194"]
[WhiteFideId "1112228"]
[BlackFideId "1135503"]
[EventDate "2016.08.20"]

1. e4 c5 2. Nf3 Nc6 3. d4 cxd4 4. Nxd4 g6 5. Nc3 Bg7 6. Be3 Nf6 7. Bc4 O-O 8.
Bb3 d6 9. f3 Bd7 10. h4 Nxd4 11. Bxd4 b5 12. h5 a5 13. hxg6 hxg6 14. Nd5 Nxd5
15. Bxd5 Rc8 16. Bxg7 Kxg7 17. Qd2 Rh8 18. O-O-O Qb6 19. a3 Qc7 20. g4 b4 21.
axb4 axb4 22. Rxh8 Rxh8 23. Qxb4 Rh3 24. e5 Qa7 25. Kb1 e6 26. Bb3 d5 27. Qe7
Rg3 28. Qf6+ Kg8 29. Qd8+ Kg7 30. Qf6+ Kg8 31. Qd8+ Kg7 32. c3 Rg1 33. Qf6+ Kg8
34. Qd8+ Kg7 35. Qf6+ Kg8 36. Qf4 Bb5 37. Qd2 Rg3 38. Bxd5 exd5 39. Qxd5 Rg1 40.
Qd8+ Kg7 1/2-1/2

[Event "52nd Rubinstein Mem"]
[Site "Polanica Zdroj POL"]
[Date "2016.08.22"]
[Round "3.8"]
[White "Ochowicz, Jakub"]
[Black "Voloshin, Leonid"]
[Result "0-1"]
[BlackTitle "GM"]
[WhiteElo "2069"]
[BlackElo "2425"]
[WhiteFideId "1182714"]
[BlackFideId "311111"]
[EventDate "2016.08.20"]

1. e4 e5 2. Nf3 Nc6 3. Bb5 Nf6 4. Bxc6 dxc6 5. d3 Nd7 6. Nbd2 g6 7. Nf1 Bg7 8.
Ng3 Nc5 9. Bd2 Ne6 10. Qe2 c5 11. O-O-O Qd6 12. Ng5 Nd4 13. Qe3 h6 14. Nf3 Bg4
15. h3 Bxf3 16. gxf3 h5 17. Nf1 Bh6 18. Qe1 Nxf3 19. Qe2 Nd4 20. Qe1 Bxd2+ 21.
Nxd2 Qf6 22. Nc4 b6 23. Kb1 O-O-O 24. Rf1 Rhe8 25. a4 Ne6 26. a5 Nf4 27. axb6
cxb6 28. Qc3 Kb7 29. b3 Qe6 30. Kb2 f6 31. Ra1 Qd7 32. Qd2 Nxh3 33. Rxa7+ Kxa7
34. Ra1+ Kb7 35. Nxb6 Qd4+ 36. Kb1 Qb4 37. Qh6 Qxb6 38. Qg7+ Kb8 0-1

[Event "52nd Rubinstein Mem"]
[Site "Polanica Zdroj POL"]
[Date "2016.08.22"]
[Round "3.9"]
[White "Lewtak, Damian"]
[Black "Goslawski, Michal"]
[Result "1-0"]
[WhiteElo "2389"]
[BlackElo "2168"]
[WhiteFideId "1141724"]
[BlackFideId "1171259"]
[EventDate "2016.08.20"]

1. e4 d6 2. c4 c5 3. Ne2 Nc6 4. d4 cxd4 5. Nxd4 Nxd4 6. Qxd4 Nf6 7. Nc3 Bd7 8.
f3 a5 9. b3 g6 10. Be3 Bg7 11. Qd2 O-O 12. Be2 Bc6 13. O-O Nd7 14. Rab1 Nc5 15.
Rfc1 e6 16. Rd1 Be5 17. Bd4 Qe7 18. Bf1 Rfd8 19. Qe3 b6 20. a3 Qf6 21. Bxe5 dxe5
22. b4 axb4 23. axb4 Nd7 24. Rd6 Nb8 25. Rxd8+ Qxd8 26. Rd1 Qc7 27. Qd2 Bd7 28.
Qd6 Ra7 29. Qxc7 Rxc7 30. b5 Kf8 31. Na4 1-0

[Event "52nd Rubinstein Mem"]
[Site "Polanica Zdroj POL"]
[Date "2016.08.22"]
[Round "3.10"]
[White "Tomczak, Mikolaj"]
[Black "Psyk, Radoslaw"]
[Result "1-0"]
[WhiteTitle "FM"]
[WhiteElo "2298"]
[BlackElo "2161"]
[WhiteFideId "1175114"]
[BlackFideId "1182838"]
[EventDate "2016.08.20"]

1. e4 Nf6 2. d3 e5 3. Nf3 Nc6 4. Be2 d5 5. Nbd2 Be7 6. c3 O-O 7. b4 d4 8. b5
dxc3 9. bxc6 cxd2+ 10. Bxd2 Bd6 11. cxb7 Bxb7 12. Rb1 Rb8 13. O-O Nd7 14. Be3
Nb6 15. Qd2 f5 16. Ng5 Qf6 17. exf5 Qxf5 18. a4 Kh8 19. Qa2 Bd5 20. Qc2 Nc4 21.
Rxb8 Rxb8 22. Bc1 Na5 23. Ne4 Nc6 24. Be3 Nd4 25. Bxd4 exd4 26. Bf3 Bxe4 27.
Bxe4 Qh5 28. g3 a5 29. Qc4 Qe5 30. Rc1 Qf6 31. Qd5 Qe5 32. Qxe5 Bxe5 33. Rc5 Bd6
34. Rxa5 Kg8 35. Kg2 g6 36. h4 Kg7 37. h5 Kf6 38. f4 Rb2+ 39. Kf3 Ra2 40. hxg6
hxg6 41. Rg5 Rxa4 42. Rxg6+ Kf7 43. Rg5 c5 44. Bd5+ Kf6 45. Kg4 Ra7 46. Rh5 Rg7+
47. Kf3 Kg6 48. Rh4 Re7 49. Be4+ Kg7 50. Rh7+ Kf8 51. Rh8+ Kg7 52. Rd8 Re6 53.
g4 Be7 54. Rd7 Kf8 55. g5 Rd6 56. Rxd6 Bxd6 57. f5 Be5 58. f6 Kf7 59. Bd5+ Kg6
60. Kg4 c4 61. Bxc4 Bc7 62. Bd5 Bd8 63. Be4+ Kf7 64. Kf5 Kg8 65. g6 Kh8 66. g7+
Kh7 67. Ke6+ Kg8 68. Bh7+ Kxh7 69. Kf7 1-0

[Event "52nd Rubinstein Mem"]
[Site "Polanica Zdroj POL"]
[Date "2016.08.22"]
[Round "3.11"]
[White "Zebracki, Tomasz"]
[Black "Karpus, Michal"]
[Result "1/2-1/2"]
[BlackTitle "FM"]
[WhiteElo "2172"]
[BlackElo "2240"]
[WhiteFideId "1181521"]
[BlackFideId "1174088"]
[EventDate "2016.08.20"]

1. b3 e5 2. Bb2 Nc6 3. e3 Nf6 4. Bb5 Bd6 5. Na3 Na5 6. d4 Qe7 7. dxe5 Bxe5 8.
Bxe5 Qxe5 9. Qd4 Qe7 10. Qa4 b6 11. Be2 O-O 12. Nc4 Nb7 13. Nd2 Nc5 14. Qd4 d5
15. Ngf3 Bf5 16. Qb2 Nce4 17. Nxe4 dxe4 18. Qe5 Qxe5 19. Nxe5 c5 20. O-O-O Rfe8
21. Nc4 Be6 22. h3 Kf8 23. Nd6 Red8 24. Bc4 Ke7 25. Bxe6 Kxe6 26. Nb5 Rxd1+ 27.
Rxd1 Ke7 28. a4 g6 29. Nc7 Rb8 30. Kb2 Rb7 31. Nd5+ Nxd5 32. Rxd5 Ke6 33. Rd8
Rd7 34. Re8+ Re7 35. Rxe7+ Kxe7 36. Kc3 Kd6 37. Kc4 Kc6 38. f3 f5 39. fxe4 fxe4
40. b4 a6 41. b5+ axb5+ 42. axb5+ Kd6 43. Kb3 Ke5 44. g3 h6 45. c4 1/2-1/2

[Event "52nd Rubinstein Mem"]
[Site "Polanica Zdroj POL"]
[Date "2016.08.22"]
[Round "3.12"]
[White "Gierulski, Kamil"]
[Black "Leks, Maria"]
[Result "1/2-1/2"]
[BlackTitle "WCM"]
[WhiteElo "2216"]
[BlackElo "2142"]
[WhiteFideId "1163825"]
[BlackFideId "1134957"]
[EventDate "2016.08.20"]

1. e4 d6 2. d4 Nf6 3. Nc3 e5 4. Nf3 Nbd7 5. Bc4 Be7 6. a4 c6 7. O-O O-O 8. h3 a5
9. Re1 Nb6 10. Ba2 Nfd7 11. Be3 exd4 12. Qxd4 Nc5 13. e5 d5 14. Qd2 Be6 15. Nd4
Nbxa4 16. Nxa4 Nxa4 17. Bxd5 Qxd5 18. Rxa4 Rfd8 19. Qc1 b5 20. Ra1 Qc4 21. Nxe6
fxe6 22. Bb6 Rf8 23. Re3 Bg5 24. c3 Bxe3 25. Qxe3 a4 26. Bc5 Rf5 27. Bd6 c5 28.
g4 Rf4 29. Bxc5 Re4 30. Qf3 Rc8 31. Be3 Rf8 32. Qd1 Rxe5 33. Qd7 Qc8 34. Qa7 Rd5
35. Re1 Qd7 36. Qxd7 Rxd7 37. Bd4 Re8 38. f4 Kf7 39. Kf2 b4 40. Ra1 Ra8 41. Ke3
Rb7 42. cxb4 Rxb4 43. h4 Rd8 44. Bc3 Rc4 45. h5 h6 46. Be5 Rd7 47. Ra3 Rb7 48.
Kd3 Rcb4 49. Ra1 g6 50. hxg6+ Kxg6 51. Ke3 Rb3+ 52. Kf2 Ra7 53. Bd4 Ra6 54. Re1
Rd3 55. Bh8 Rd2+ 56. Ke3 Rc2 57. Ra1 Rh2 58. Be5 a3 59. f5+ Kg5 60. Bxh2 axb2
61. Rb1 exf5 62. gxf5 Kxf5 63. Rxb2 Ra3+ 64. Kf2 h5 65. Bg3 Kg4 66. Rb4+ Kg5 67.
Kg2 Ra2+ 68. Kh3 Ra5 69. Rb3 Rd5 70. Rf3 Rd4 71. Kg2 h4 72. Bf2 Re4 73. Rf8 Kg4
74. Rg8+ Kh5 75. Kf3 Ra4 76. Be3 Ra5 77. Ke4 h3 78. Bf4 Kh4 79. Bg3+ Kh5 80. Kf4
Kh6 81. Kg4 Kh7 82. Rf8 Kg7 83. Rf4 Kg6 84. Kxh3 Rf5 85. Ra4 Kf7 86. Kg4 Rd5 87.
Re4 Rd7 88. Kf5 Rd5+ 89. Be5 Rb5 90. Rh4 Ke7 91. Rh7+ Kf8 92. Ra7 Rb6 93. Bf6
Ke8 94. Re7+ Kf8 95. Ra7 Ke8 96. Kg6 Rd6 97. Kg7 Rd7+ 1/2-1/2

[Event "52nd Rubinstein Mem"]
[Site "Polanica Zdroj POL"]
[Date "2016.08.22"]
[Round "3.13"]
[White "Siekanski, Janusz"]
[Black "Lukasiewicz, Krzysztof"]
[Result "1-0"]
[WhiteElo "2290"]
[BlackElo "2120"]
[WhiteFideId "1100599"]
[BlackFideId "1166042"]
[EventDate "2016.08.20"]

1. d4 d5 2. c4 e6 3. Nc3 Nf6 4. cxd5 exd5 5. Bg5 Be7 6. e3 Nbd7 7. Bd3 c6 8. Qc2
h6 9. Bh4 Nh5 10. Bxe7 Qxe7 11. Nge2 Nhf6 12. O-O O-O 13. a3 a5 14. Rfe1 Nb6 15.
Qb3 Qc7 16. h3 Be6 17. Nf4 Rfe8 18. Rac1 Rad8 19. Nb5 Qb8 20. Nd6 Rxd6 21. Qxb6
Qa8 22. b4 axb4 23. axb4 Qb8 24. Ra1 Nd7 25. Qa7 Qxa7 26. Rxa7 Rb8 27. Rc1 Nb6
28. b5 Nc8 29. Raa1 Ne7 30. b6 Rdd8 31. g4 Ra8 32. Bf1 Rdb8 33. Nd3 Nc8 34. Nc5
Nxb6 35. Rab1 Nc4 36. Bxc4 dxc4 37. Nxe6 fxe6 38. Rxc4 Ra6 39. Kg2 Kf7 40. h4
Ke7 41. f4 Kd6 42. Kf3 b5 43. Rc5 Ra3 44. Rb4 Rba8 45. Ke4 R8a7 46. h5 Ra1 47.
Rb2 Re1 48. Rbc2 Ra6 49. f5 exf5+ 50. gxf5 Rg1 51. Re5 Rg4+ 52. Kf3 Rg5 53. Re6+
Kd7 54. Kf4 b4 55. d5 Ra5 56. dxc6+ Kc7 57. e4 b3 58. Rd2 Rc5 59. Rd7+ Kb6 60.
Rb7+ Ka6 61. Rxb3 Rg1 62. Re8 Rf1+ 63. Ke3 1-0

[Event "52nd Rubinstein Mem"]
[Site "Polanica Zdroj POL"]
[Date "2016.08.22"]
[Round "3.14"]
[White "Sliwerski, Radoslaw"]
[Black "Cukrowski, Filip"]
[Result "0-1"]
[BlackTitle "FM"]
[WhiteElo "2077"]
[BlackElo "2381"]
[WhiteFideId "1115308"]
[BlackFideId "1171097"]
[EventDate "2016.08.20"]

1. d4 Nf6 2. Nf3 e6 3. c4 b6 4. Nc3 Bb4 5. Qc2 Bb7 6. a3 Bxc3+ 7. Qxc3 O-O 8.
Bg5 h6 9. Bh4 d6 10. Nd2 Nbd7 11. f3 e5 12. e4 exd4 13. Qxd4 Qe7 14. Be2 Rae8
15. O-O Qe5 16. Qxe5 Rxe5 17. b4 Ree8 18. Rfe1 Nh5 19. Nb3 Nf4 20. Bf1 Ne5 21.
Nd4 a6 22. Nf5 Kh7 23. Bg3 Nh5 24. Bf2 g6 25. Ne3 f5 26. exf5 gxf5 27. Nd5 b5
28. Nxc7 Re7 29. Nd5 Rg7 30. Kh1 bxc4 31. Rad1 Rc8 32. Ne3 Nxf3 33. Nxf5 Nxe1
34. Nxg7 Nxg7 35. Bxe1 Nf5 36. Kg1 d5 37. Bf2 h5 38. Be2 Kg6 39. Bc5 Kg5 40. g3
a5 41. Kf2 axb4 42. axb4 Ra8 43. Rd2 Ra3 44. Rc2 Bc8 45. h4+ Kg6 46. g4 hxg4 47.
Bxg4 Rb3 48. Bxf5+ Bxf5 49. Rc1 Kh5 50. Be7 c3 51. Ke3 c2+ 52. Kd4 Be4 53. Kc5
Rc3+ 54. Kb6 d4 55. Bg5 d3 56. b5 Rc8 57. Ka5 Rg8 58. Be3 Rg3 59. Bf4 Rf3 60.
Bg5 Rf2 0-1

[Event "52nd Rubinstein Mem"]
[Site "Polanica Zdroj POL"]
[Date "2016.08.22"]
[Round "3.15"]
[White "Zochowski, Kacper"]
[Black "Faron, Rafal"]
[Result "1-0"]
[WhiteElo "2275"]
[BlackElo "2008"]
[WhiteFideId "1125494"]
[BlackFideId "1149768"]
[EventDate "2016.08.20"]

1. e4 d6 2. d4 Nf6 3. Nc3 g6 4. f4 Bg7 5. Nf3 c5 6. Be3 cxd4 7. Nxd4 O-O 8. Be2
Nc6 9. Nb3 Nd7 10. Qd2 Nb6 11. O-O Be6 12. Nd4 Bc4 13. b3 Nxd4 14. Bxd4 Bxd4+
15. Qxd4 Bxe2 16. Nxe2 d5 17. exd5 Nxd5 18. Rfd1 e6 19. c4 Nb4 20. Qc3 Qe7 21.
Ng3 f5 22. a3 Nc6 23. b4 e5 24. fxe5 Qxe5 25. Qxe5 Nxe5 26. c5 Rad8 27. Ne2 Nc4
28. Nc3 Rxd1+ 29. Rxd1 Nxa3 30. Ra1 Nc2 31. Rxa7 Nxb4 32. Rxb7 Na6 33. c6 Rc8
34. Nd5 Kf8 35. c7 1-0

[Event "52nd Rubinstein Mem"]
[Site "Polanica Zdroj POL"]
[Date "2016.08.22"]
[Round "3.16"]
[White "Janulek, Dawid"]
[Black "Grela, Kacper"]
[Result "0-1"]
[BlackTitle "FM"]
[WhiteElo "2046"]
[BlackElo "2274"]
[WhiteFideId "1158597"]
[BlackFideId "1154141"]
[EventDate "2016.08.20"]

1. e4 c5 2. Nf3 Nc6 3. d4 cxd4 4. Nxd4 Nf6 5. Nc3 d6 6. Bg5 e6 7. Qd2 a6 8.
O-O-O h6 9. Bxf6 Qxf6 10. g3 Nxd4 11. Qxd4 Qxd4 12. Rxd4 Bd7 13. f4 Bc6 14. Bg2
g5 15. Bf3 Ke7 16. Rd3 h5 17. e5 d5 18. h4 gxf4 19. gxf4 Bh6 20. Rd4 f6 21.
exf6+ Kxf6 22. Kd1 Be8 23. Rf1 Bg6 24. Be2 Bf8 25. Kc1 Rc8 26. Rdd1 Bf5 27. Bd3
Rg8 28. Bxf5 Kxf5 29. Nxd5 exd5 30. Rxd5+ Kf6 31. Rxh5 Bc5 32. Rh7 b6 33. Re1
Rh8 34. Rxh8 Rxh8 35. c3 Rxh4 36. b4 Bd6 37. Kb2 Rxf4 38. Re8 a5 39. bxa5 bxa5
40. Re2 a4 41. Kc2 Be5 42. Kb2 Ke6 43. Rd2 Rf3 44. Ka3 Rf4 45. Kb2 Rh4 46. Rd3
Bd6 47. Rd2 Kd7 48. Rd5 Kc6 49. Ra5 Kb6 50. Ra8 Rh2+ 51. Kb1 Kb5 52. Ra7 Bc5 53.
Ra8 Kc4 54. Re8 Kxc3 55. Re1 Rg2 56. Rc1+ Kb4 0-1

[Event "52nd Rubinstein Mem"]
[Site "Polanica Zdroj POL"]
[Date "2016.08.22"]
[Round "3.17"]
[White "Czuchnicki, Adam"]
[Black "Zaleski, Lukasz"]
[Result "0-1"]
[WhiteElo "2046"]
[BlackElo "2219"]
[WhiteFideId "1127179"]
[BlackFideId "1172611"]
[EventDate "2016.08.20"]

1. d4 Nf6 2. c4 e6 3. g3 c5 4. d5 exd5 5. cxd5 d6 6. Nc3 g6 7. Bg2 Bg7 8. Nf3
O-O 9. O-O a6 10. a4 Nbd7 11. Nd2 Re8 12. h3 Rb8 13. Nc4 Ne5 14. Nxe5 Rxe5 15.
e4 b5 16. axb5 axb5 17. f4 Rh5 18. e5 dxe5 19. fxe5 Rxe5 20. Bf4 Nh5 21. Bxe5
Bxe5 22. Qf3 f5 23. g4 Ng3 24. Rfe1 Qd6 25. Ne2 Ne4 26. Rad1 Bxb2 27. Qb3 Be5
28. Bxe4 fxe4 29. Qe3 b4 30. Qxe4 Ba6 31. Nc1 Re8 32. Kg2 c4 33. Ne2 Bb5 34. Nd4
Ba4 35. Rb1 Bg3 36. Ne6 Bxe1 37. Rxe1 c3 38. Qd4 Re7 39. Ra1 Bc6 40. dxc6 Qxc6+
41. Kg3 Rxe6 42. Qxb4 Re3+ 43. Kh4 Qf6+ 0-1